| 000 | 00617nam a2200217Ia 4500 | ||
|---|---|---|---|
| 003 | OSt | ||
| 005 | 20240712124458.0 | ||
| 008 | 210210b2005 xxu||||| |||| 00| 0 eng d | ||
| 020 | _a81 87731 63 X | ||
| 040 | _cAL | ||
| 041 | _aKannada | ||
| 082 | _aK894.109 RANB | ||
| 100 |
_aRANJAN DARGA. _dರಂಜನ್ ದರ್ಗಾ _9173316 |
||
| 245 |
_aBasavannanavara devaru. _bಬಸವಣ್ಣನವರ ದೇವರು. |
||
| 260 |
_aBallari _bLohiya Prakashana _c2005 |
||
| 300 | _axii,52 | ||
| 650 |
_aBasavanna _9173317 |
||
| 690 |
_aKannada Poetry Criticism _9173318 |
||
| 906 | _a059963 | ||
| 942 |
_2ddc _cBK |
||
| 999 |
_c107039 _d107039 |
||